| Tag |
First Indicator |
Second Indicator |
Subfields |
| LEADER |
00000cam a22000004a 4500 |
| 001 |
in00002232649 |
| 005 |
20151104174548.0 |
| 008 |
060823r20072006nyuab b 001 0aeng |
| 010 |
|
|
|a 2006049240
|
| 020 |
|
|
|a 0802118429
|
| 020 |
|
|
|a 9780802118424
|
| 029 |
1 |
|
|a YDXCP
|b 2482191
|
| 035 |
|
|
|a (OCoLC)ocm71189900
|
| 035 |
|
|
|a (OCoLC)71189900
|
| 040 |
|
|
|a DLC
|c DLC
|d BAKER
|d YDXCP
|d C#P
|d UtOrBLW
|
| 043 |
|
|
|a a-is---
|
| 049 |
|
|
|a TXAM
|
| 050 |
0 |
0 |
|a DS125.3.S23
|b A3 2007
|
| 082 |
0 |
0 |
|a 956.94
|2 22
|
| 100 |
1 |
|
|a Sabbagh, Karl.
|
| 245 |
1 |
0 |
|a Palestine :
|b a personal history /
|c Karl Sabbagh.
|
| 250 |
|
|
|a 1st American ed.
|
| 264 |
|
1 |
|a New York :
|b Grove Press :
|c [2007]
|
| 264 |
|
2 |
|a New York :
|b Distributed by Publishers Group West,
|
| 264 |
|
4 |
|c ©2007
|
| 300 |
|
|
|a xiii, 366 pages :
|b illustrations, maps ;
|c 24 cm.
|
| 336 |
|
|
|a text
|b txt
|2 rdacontent
|
| 337 |
|
|
|a unmediated
|b n
|2 rdamedia
|
| 338 |
|
|
|a volume
|b nc
|2 rdacarrier
|
| 504 |
|
|
|a Includes bibliographical references (pages [327]-350) and index.
|
| 500 |
|
|
|a Originally published: London : Atlantic Books, 2006.
|
| 600 |
1 |
0 |
|a Sabbagh, Karl.
|
| 650 |
|
0 |
|a Palestinian Arabs
|v Biography.
|
| 650 |
|
0 |
|a Journalists
|z Palestine
|v Biography.
|
| 651 |
|
0 |
|a Palestine
|x History
|y 20th century.
|
| 650 |
|
0 |
|a Arab-Israeli conflict.
|
| 938 |
|
|
|a Baker & Taylor
|b BKTY
|c 24.00
|d 18.00
|i 0802118429
|n 0006954034
|s active
|
| 938 |
|
|
|a YBP Library Services
|b YANK
|n 2482191
|
| 945 |
|
|
|a PromptCat
|b 107488
|
| 946 |
|
|
|a stk
|
| 947 |
|
|
|a A14835571075
|
| 948 |
|
|
|a cataloged
|b h
|c 2007/4/16
|d c
|e achopde
|f 12:54:12 pm
|
| 994 |
|
|
|a 92
|b TXA
|
| 999 |
|
|
|a MARS
|
| 999 |
f |
f |
|s ae84fbd3-a623-3fab-9e8f-65cbf0680a97
|i 3b182dc6-cd29-3380-9fdf-7b00b1f96d1f
|t 0
|
| 952 |
f |
f |
|p ric
|a Texas A&M University
|b Rellis Campus
|c Joint Library Facility
|d Remote Storage
|t 0
|e DS125.3.S23 A3 2007
|h Library of Congress classification
|i unmediated -- volume
|m A14835571075
|
| 998 |
f |
f |
|a DS125.3.S23 A3 2007
|t 0
|l Remote Storage
|